The home and the wrold [i.e. world] /
Zapisane w:
| 1. autor: | |
|---|---|
| Format: | Książka |
| Język: | English Bengali |
| Wydane: |
London :
Macmillan,
1971..
|
| LEADER | 00843nam a2200217Ii 4500 | ||
|---|---|---|---|
| 001 | c000165225 | ||
| 003 | CARM | ||
| 005 | 20021217214453.0 | ||
| 008 | 780712s1971 enk 000 1 eng d | ||
| 019 | 1 | |a 24305504 |5 LACONCORD2021 | |
| 035 | |a (OCoLC)4046645 |5 LACONCORD2021 | ||
| 040 | |a GZN |b eng |c GZN |d OCL |d OCLCQ |d VU | ||
| 041 | 1 | |a eng |h ben | |
| 100 | 1 | |a Tagore, Rabindranath, |d 1861-1941. | |
| 245 | 1 | 4 | |a The home and the wrold [i.e. world] / |c by Rabindranath Tagore ; [translated by Surendranath Tagore]. |
| 260 | |a London : |b Macmillan, |c 1971.. | ||
| 300 | |a 280 p. ; |c 19 cm. | ||
| 740 | 0 | |a Home and the world. | |
| 852 | 8 | |b CARM |h A2:AD34H0 |i A02903 |p 0216524 |f BK | |
| 999 | f | f | |i 7516283d-9364-54e8-9116-95f5f2a9266f |s e19f3822-14c7-5fdc-953a-746327a6da13 |
| 952 | f | f | |p Can circulate |a CAVAL |b CAVAL |c CAVAL |d CARM 1 Store |e A02903 |f A2:AD34H0 |h Other scheme |i book |m 0216524 |